| 000 | 00653nam a2200205 a 4500 | ||
|---|---|---|---|
| 005 | 20210219160050.0 | ||
| 008 | 080626s1987 mx r 000 0 spa d | ||
| 020 | _a9230024740 | ||
| 035 | _aUPN01000157732 | ||
| 049 | _aUNE | ||
| 080 | _aDO 341.16: 001 (093.2) 1985ACT 23a. | ||
| 111 | 2 |
_aUNESCO. Conferencia General _n(23a : _d1985 : _cSofia) |
|
| 245 | 1 | 0 | _aActas literales. |
| 260 |
_aParís : _bUNESCO, _c1987. |
||
| 300 | _axxxii, 1604 p. | ||
| 500 | _aTexto en inglés, francés, ruso, árabe y español | ||
| 690 | _aAcuerdos - Conferencia General de la UNESCO | ||
| 690 | _aConferencia General de la UNESCO - Acuerdos | ||
| 905 | _aUNESCO | ||
| 999 |
_c129846 _d129846 |
||